Romans - Statistics

General Stats
  • This quiz has been taken 28 times
    19 since last reset
  • The average score is 3 of 5
Answer Stats
Question Answer % Correct
Where did the Romans start as a country. Italy
92%
What are the Romans soldiers Called. Legionary
83%
What is the Roman house called. Domus
75%
When were the Romans founded. 27 BC
58%
What Roman emperor was a Conqueror. Augustus
33%
No matching quizzes found
Score Distribution
Percent of People with Each Score
Percentile by Number Answered
Your Score History
You have not taken this quiz since the last reset